| 000 | 00435nam a22001817a 4500 | ||
|---|---|---|---|
| 005 | 20241004084309.0 | ||
| 008 | 241004b |||||||| |||| 00| 0 eng d | ||
| 020 | _a9788126542635 | ||
| 082 |
_a624.16 _bMON-E |
||
| 100 | _aMontgomery | ||
| 245 | _aEngineering Statistics SI version / | ||
| 250 | _a5th ed. | ||
| 260 |
_aindia _bwiley _c2016 |
||
| 300 |
_a514p. _bill; _c27cm |
||
| 650 | _aengineering | ||
| 999 |
_c36624 _d36624 |
||